[Event "33rd ECCC Open 2017"]
[Site "Antalya"]
[Date "2017.10.11"]
[Round "2"]
[White "Korobov, Anton"]
[Black "Barnaure, Vlad-Victor"]
[Result "1-0"]
[WhiteElo "2652"]
[BlackElo "2476"]
[Annotator "TA"]
[PlyCount "69"]
[EventType "team-tourn"]
[EventCountry "TUR"]
[SourceTitle "playchess.com"]
[Source "ChessBase"]
[SourceQuality "1"]
[WhiteTeam "Globus"]
[BlackTeam "Baia Mare"]

{[%evp 12,69,21,18,36,28,37,31,31,45,87,84,81,70,81,65,77,26,54,54,60,5,0,-7,0,0,0,16,62,59,66,50,100,77,145,121,116,112,179,179,196,180,193,201,529,510,563,551,590,571,534,528,732,717,708,697,1382,900,29984,29985]} 1. d4 d5 2. c4 c6 3. Nf3 Nf6 4. Nc3 a6 5. a4 e6 6. Bg5 Nbd7 7. e3 Bb4 {D15: Slav Defence: 4 Nc3 a6 and gambit lines after 4 Nc3 dxc4} 8. Bd3 h6 9. Bh4 g5 $146 {White is slightly better.} ({Predecessor:} 9... b6 10. O-O Bb7 11. Ne5 Nxe5 12. dxe5 dxc4 13. exf6 Qxd3 14. fxg7 Rg8 15. Qf3 Rxg7 16. Ne4 f5 17. Qh5+ Kf8 18. Ng3 {1-0 (18) Khalifman,A (2650)-Hodgson,J (2615) Ischia 1996}) 10. Bg3 dxc4 11. Bxc4 Ne4 12. Qc2 Nxg3 13. hxg3 Qe7 14. a5 (14. Kf1 $16) 14... Kf8 15. O-O Kg7 16. e4 ({White should try} 16. Bb3 $14) 16... e5 $11 17. Rfd1 Rf8 18. Qb3 Bd6 19. Na4 $36 {[%mdl 2048] White is more active.} Bc7 20. Nb6 Bxb6 21. axb6 exd4 22. Rxd4 g4 (22... a5 $142) 23. Nh4 Ne5 24. Ra5 Re8 (24... Kh7 $16 {was worth a try.}) 25. Qc3 $18 Qf6 26. Ba2 Kh7 27. Rd2 Qg7 $2 (27... Qe7 28. Bb3 f6) 28. Rd6 f6 29. Qd2 Qg5 30. Qd1 Qg7 31. b4 Re7 {[#]} 32. Rxe5 $1 {[%mdl 512]} Rxe5 33. Rd8 {[%cal Bd6d8,Bd8h8,Bh8c8][%mdl 32]} Qe7 {[#] Now ...Rg5 and Black clings on.} 34. Rh8+ $1 {[%mdl 512]} Kg7 {[#]} (34... Kxh8 35. Ng6+) 35. Rxc8 $1 {[%mdl 512] Precision: White = 76%, Black = 29%.} 1-0

[Event "33rd ECCC Open 2017"]
[Site "Antalya"]
[Date "2017.10.10"]
[Round "2"]
[White "Zvjaginsev, Vadim"]
[Black "Jakovenko, Dmitry"]
[Result "1/2-1/2"]
[WhiteElo "2643"]
[BlackElo "2710"]
[Annotator "TA"]
[PlyCount "76"]
[EventType "team-tourn"]
[EventCountry "TUR"]
[SourceTitle "playchess.com"]
[Source "ChessBase"]
[SourceQuality "1"]
[WhiteTeam "Legacy Square Capital"]
[BlackTeam "Alkaloid"]

{[%evp 14,76,0,-16,0,0,0,0,-2,0,-9,-11,-12,-12,-15,-9,-9,-10,-16,-16,0,-9,-8,-16,10,10,15,9,11,8,13,8,5,0,0,0,0,0,0,0,0,0,0,0,0,0,0,0,0,0,0,0,0,0,0,0,0,0,0,0,0,0,0,0,0]} 1. e4 e5 2. Nf3 Nc6 3. g3 Nf6 4. d3 Bc5 5. Bg2 d5 6. exd5 Nxd5 7. O-O O-O 8. Nbd2 {LiveBook: 4 Games. The position is equal. C44: Ponziani Opening and Scotch Gambit} (8. c3 Bg4 9. h3 Bh5 10. Nbd2 a6 11. Re1 f6 12. b4 Ba7 13. Bb2 Bf7 14. a3 Qd7 15. Ne4 Rad8 16. Qc2 Be6 17. Kh2 Qf7 18. Kg1 h6 19. h4 Rd7 20. d4 exd4 {½-½ (20) Zvjaginsev,V (2662)-Matlakov,M (2682) Moscow 2016}) 8... Bg4 9. h3 Bh5 10. Nb3 $146 ({Predecessor:} 10. Ne4 Be7 11. c3 f5 12. Neg5 Qd6 13. Qb3 Kh8 14. Nxe5 Nxe5 15. Qxd5 Qxd5 16. Bxd5 {½-½ (60) Malar,P (2108)-Kotan,L (2364) Piestany 2005}) 10... Bd6 11. c4 Nf6 12. g4 Bg6 13. Nh4 a5 14. Be3 Nd7 15. Nxg6 hxg6 16. d4 exd4 17. Nxd4 Nxd4 18. Bxd4 Nc5 (18... Qb8 {keeps more tension.} 19. Bc3 Rd8 20. Qe2 c6 21. Rad1 Qc7) 19. Bxc5 Bxc5 20. Bxb7 Rb8 21. Qf3 Qf6 22. b3 Bxf2+ 23. Qxf2 Qxf2+ 24. Rxf2 Rxb7 $11 {[%mdl 4096] Endgame KRR-KRR} 25. Re1 a4 26. bxa4 c5 27. Re3 Ra7 28. Ra3 Rfa8 29. Rb2 Kh7 30. a5 Rxa5 31. Rxa5 Rxa5 {KR-KR} 32. Rb5 Rxa2 33. Rxc5 Rc2 34. g5 f6 {[%cal Bf7f6,Bf6g5,Bg5g4][%mdl 32]} 35. Rc8 fxg5 36. c5 g4 37. h4 {[#]} g5 $1 {[%mdl 512]} 38. h5 (38. hxg5 Kg6) 38... g6 {Precision: White = 96%, Black = 89%.} 1/2-1/2

[Event "33rd ECCC Open 2017"]
[Site "Antalya"]
[Date "2017.10.11"]
[Round "2"]
[White "Efimenko, Zahar"]
[Black "Wojtaszek, Radoslaw"]
[Result "1/2-1/2"]
[WhiteElo "2636"]
[BlackElo "2737"]
[Annotator "TA"]
[PlyCount "64"]
[EventType "team-tourn"]
[EventCountry "TUR"]
[SourceTitle "playchess.com"]
[Source "ChessBase"]
[SourceQuality "1"]
[WhiteTeam "Beer Sheva"]
[BlackTeam "Novy Bor"]

{[%evp 22,64,6,0,12,0,0,0,0,0,0,0,7,7,34,43,43,41,43,43,43,35,113,95,125,95,123,112,126,121,120,102,104,81,94,73,85,70,85,0,83,0,81,0,63]} 1. Nf3 d5 2. g3 c6 3. Bg2 Bg4 4. c4 e6 5. cxd5 Bxf3 6. Bxf3 cxd5 7. O-O Nc6 8. d4 {A11: English Opening: 1...c6} Nf6 9. e3 Be7 10. Nc3 O-O 11. Bd2 Rc8 12. Qe2 {LiveBook: 21 Games} Nd7 13. Na4 $146 ({Predecessor:} 13. Rfc1 Nb6 14. Be1 Qd7 15. h4 a6 16. h5 Rc7 17. Qd1 {0-1 (79) Karjakin,S (2775)-Fressinet,L (2700) Beijing 2012}) 13... a6 14. Rfc1 b5 15. Nc5 Bxc5 16. dxc5 Nce5 17. b4 $1 Nxf3+ (17... a5 $5) 18. Qxf3 Ne5 19. Qe2 Qd7 20. Bc3 Nc4 21. a4 bxa4 {[#]} (21... e5 $14) 22. Qd1 $1 $16 f5 23. Rxa4 ({Resist} 23. Qxa4 $6 Rc6 $14) 23... Qb5 24. Rca1 Rc6 25. R4a2 Qb7 26. Qd4 {And now b5! would win.} Rf7 27. h4 Rd7 28. Qf4 h6 29. Qf3 Kh7 30. Qf4 Kg8 $1 31. Qf3 Kh7 $1 32. Qf4 Kg8 $1 {Precision: White = 48%, Black = 61%.} 1/2-1/2

[Event "33rd ECCC Open 2017"]
[Site "Antalya"]
[Date "2017.10.11"]
[Round "2"]
[White "Hammer, Jon Ludvig"]
[Black "Sprenger, Jan Michael"]
[Result "1-0"]
[WhiteElo "2632"]
[BlackElo "2513"]
[Annotator "TA"]
[PlyCount "92"]
[EventType "team-tourn"]
[EventCountry "TUR"]
[SourceTitle "playchess.com"]
[Source "ChessBase"]
[SourceQuality "1"]
[WhiteTeam "Oslo"]
[BlackTeam "Leiden"]

{[%evp 20,92,21,14,18,18,19,11,47,31,27,-4,-14,-26,-39,-33,-7,-40,0,0,29,48,52,63,54,55,47,46,62,62,77,65,67,65,72,66,141,152,148,120,127,118,216,208,206,214,313,314,307,306,334,318,301,220,222,212,525,535,591,595,596,592,745,741,662,646,963,965,949,941,883,834,2070,1699,29984]} 1. d4 Nf6 2. c4 e6 3. Nf3 b6 4. a3 Bb7 5. Nc3 d5 6. Qc2 Be7 7. cxd5 exd5 8. g3 O-O 9. Bg2 Re8 {E12: Queen's Indian: Unusual White 4th moves, 4 a3, 4 Nc3 Bb7 5 a3 and 4 Nc3 Bb7} 10. O-O Nbd7 11. Bf4 {LiveBook: 7 Games} Nh5 {The position is equal.} (11... c6 12. Rad1 Nf8 13. Rfe1 Ng6 14. Bc1 Bf8 15. h4 h6 16. Nh2 Bd6 17. e4 dxe4 18. Nxe4 Nxe4 19. Bxe4 {1-0 (44) Shabalov,A (2523)-Quesada Perez,Y (2645) Montevideo 2015}) 12. Bd2 c5 $146 ({Predecessor:} 12... Nhf6 13. Nh4 Bf8 14. Nf5 a6 15. Bg5 h6 16. Bf4 Rc8 17. Rfd1 {1-0 (59) Rheinstaedtler,K-Sarshar,S LSS email 2007}) 13. Rad1 Rc8 14. Bh3 Nhf6 15. Qb1 h6 16. e3 Bf8 17. Ne2 Ne4 18. Nc3 c4 19. Nxe4 Rxe4 20. Bc3 Re8 21. Ne5 Nxe5 22. dxe5 Rc7 23. Bg2 Rd7 24. Rd2 Qe7 25. Bh3 Rdd8 26. Rfd1 Bc6 27. Bg2 {[%cal Rg2d5]} Ba4 (27... Qe6 $14) 28. Bxd5 $16 Bxd1 29. Rxd1 b5 30. Qf5 Qe6 (30... Qd7 $16 31. Qh5 Bc5) 31. Bxe6 $18 Rxd1+ 32. Kg2 fxe6 (32... Rxe6 {was necessary.} 33. Qe4 Rd8) 33. Qg6 Rdd8 34. Bd4 Re7 35. f4 a5 {and the idea ...b4 leaves Black hopeful.} 36. Bc3 Ra8 37. g4 b4 $2 {[#]} (37... Kh8 {is more resistant.} 38. Be1 Kg8) 38. axb4 {White is clearly winning.} a4 39. Qe4 Rc8 40. b5 Rd7 41. Qg6 Re7 42. g5 hxg5 43. fxg5 Rb8 44. Qh5 {[#] Intending g6 and mate.} g6 45. Qxg6+ Bg7 46. Bb4 Rf7 {Precision: White = 72%, Black = 40%.} 1-0

[Event "33rd ECCC Open 2017"]
[Site "Antalya"]
[Date "2017.10.09"]
[Round "2"]
[White "Safarli, Eltaj"]
[Black "Kantane, Anna"]
[Result "1-0"]
[WhiteElo "2632"]
[BlackElo "2276"]
[Annotator "TA"]
[PlyCount "77"]
[EventType "team-tourn"]
[EventCountry "TUR"]
[SourceTitle "playchess.com"]
[Source "ChessBase"]
[SourceQuality "1"]
[WhiteTeam "Odlar Yurdu"]
[BlackTeam "Riga"]

{[%evp 9,77,19,20,2,28,6,10,4,7,0,16,0,0,0,0,0,0,2,29,35,56,55,72,64,93,88,82,74,100,104,122,70,63,43,53,18,63,72,68,45,43,19,39,2,67,27,122,115,116,109,108,99,110,121,126,121,120,121,120,100,279,277,628,614,617,620,595,593,623,622]} 1. e4 c5 2. Nf3 e6 3. Nc3 Nc6 4. Bb5 Nd4 5. Bd3 Nc6 6. O-O {B30: Sicilian: 2...Nc6 3 Bb5, lines without ...g6} a6 7. b3 d6 8. Bb2 {The position is equal.} Nf6 9. Re1 Qc7 (9... Nd7 10. Bf1 Nde5 11. d3 Nxf3+ 12. Qxf3 Be7 13. Ne2 e5 14. c3 {½-½ (39) Hou,Y (2666)-Gelfand,B (2728) Geneve 2017}) 10. Bf1 Be7 11. d4 cxd4 12. Nxd4 O-O 13. Nxc6 bxc6 14. Na4 Rd8 $146 15. e5 dxe5 16. Bxe5 Qa5 17. Qf3 Bb7 18. Qg3 Ne8 19. Bc3 Qh5 20. Re5 ({Better is} 20. Be2 $16 Qg6 21. Qxg6 hxg6 22. Bf3) 20... Qh6 $14 21. Nc5 Bc8 $1 22. Ne4 f5 23. Nc5 {[%cal Be4c5,Bc5d3,Bd3e5][%mdl 32]} Bd6 24. Bc4 $36 {[%cal Rc5e6][%mdl 2048] White is pushing.} Nc7 25. Rae1 Nd5 26. Ba5 Rf8 (26... Re8 $11) 27. Nd3 ({Don't blunder} 27. Nxe6 $2 Bxe5 28. Qxe5 Re8 $19) (27. Rxe6 $5 Bxg3 28. Rxh6 Bxf2+ 29. Kxf2 gxh6 30. Bd2 $14) 27... f4 (27... Re8 $11 {remains equal.}) 28. Qf3 Bxe5 29. Nxe5 Bb7 30. Bd3 {[%mdl 1024] White has strong compensation.} Rae8 31. c4 Ne7 32. Bb6 Nf5 33. Bc5 Nh4 {[#]} 34. Qh3 $1 f3 $2 (34... Rf5 $16 {keeps fighting.}) 35. Bxf8 $18 Nxg2 $2 (35... Rxf8 36. g3 Nf5 37. Qxh6 gxh6) 36. Qxf3 {Intending Qf7+ and mate.White is clearly winning.} Rxf8 37. Qxg2 Qd2 38. Rf1 Qf4 39. Qg3 {Precision: White = 60%, Black = 37%.} 1-0

[Event "33rd ECCC Open 2017"]
[Site "Antalya"]
[Date "2017.10.11"]
[Round "2"]
[White "Erdos, Viktor"]
[Black "Karjakin, Sergey"]
[Result "1/2-1/2"]
[WhiteElo "2624"]
[BlackElo "2765"]
[Annotator "TA"]
[PlyCount "60"]
[EventType "team-tourn"]
[EventCountry "TUR"]
[SourceTitle "playchess.com"]
[Source "ChessBase"]
[SourceQuality "1"]
[WhiteTeam "Baia Mare"]
[BlackTeam "Globus"]

{[%evp 14,60,18,20,12,6,8,6,17,9,19,8,19,10,7,9,16,9,14,5,10,0,0,0,3,0,4,0,0,0,0,0,0,0,0,0,0,0,0,0,0,0,0,0,0,0,0,0,0]} 1. Nf3 d5 2. d4 Nf6 3. c4 e6 4. Bg5 Be7 5. Nc3 O-O 6. e3 Nbd7 7. Rc1 h6 8. Bh4 {The position is equal.} c5 {D63: Queen's Gambit Declined: Classical: 7 Rc1} 9. cxd5 Nxd5 10. Bxe7 Nxe7 11. Bb5 cxd4 12. Qxd4 Nf6 13. O-O {[%cal Be1g1,Bg1f1,Bf1e2][%mdl 32]} Qxd4 14. Nxd4 Rd8 {[#]} 15. Rfd1 $146 ({Predecessor:} 15. Be2 Bd7 16. Rfd1 {½-½ (40) Vachier Lagrave,M (2742)-Radjabov,T (2715) Warsaw 2013}) 15... Bd7 16. Kf1 Rac8 17. Bxd7 Rxd7 18. Ke2 Kf8 19. Na4 Rdc7 20. Rxc7 Rxc7 21. Nb5 Rc2+ 22. Rd2 Rxd2+ 23. Kxd2 $11 {[%mdl 4096] Endgame KNN-KNN} Nc6 24. f3 Ke7 25. Nc5 b6 26. Nd3 Ne8 27. Kc3 Nd6 28. Nxd6 Kxd6 29. Kc4 a6 30. a4 Na5+ {Precision: White = 63%, Black = 98%.} 1/2-1/2

[Event "33rd ECCC Open 2017"]
[Site "Antalya"]
[Date "2017.10.11"]
[Round "2"]
[White "Khairullin, Ildar"]
[Black "Palac, Mladen"]
[Result "1/2-1/2"]
[WhiteElo "2614"]
[BlackElo "2540"]
[Annotator "TA"]
[PlyCount "66"]
[EventType "team-tourn"]
[EventCountry "TUR"]
[SourceTitle "playchess.com"]
[Source "ChessBase"]
[SourceQuality "1"]
[WhiteTeam "Mednyi Vsadnik"]
[BlackTeam "Nice Alekhine"]

{[%evp 11,66,10,6,10,17,12,12,1,15,11,18,14,21,19,19,13,15,13,14,0,20,0,0,0,25,0,11,-20,4,3,27,-22,0,0,0,-10,0,-12,-11,-17,0,-14,-17,-14,0,-10,0,0,0,0,0,0,0,0,0,-7,0]} 1. d4 Nf6 2. c4 e6 3. Nf3 d5 4. Nc3 Bb4 5. Qa4+ Nc6 6. e3 O-O 7. Qc2 {D38: Queen's Gambit Declined: Ragozin Defence (4 Nf3 Bb4)} Ne7 8. Bd2 b6 9. a3 Bxc3 10. Bxc3 a5 $146 ({Predecessor:} 10... Ba6 11. b3 Rc8 12. Bd3 Nf5 13. O-O Nd6 14. Bb4 c5 15. dxc5 bxc5 {½-½ (42) Grachev,B (2639)-Bluebaum,M (2605) Moscow 2016}) 11. Bd3 Ba6 12. cxd5 {White wants to play Bxa6.} Bxd3 13. Qxd3 exd5 14. O-O Qd7 15. Rfc1 Rfc8 16. a4 Ne4 17. Be1 c5 18. b3 Qe6 19. Nd2 Nd6 20. Nf1 Rc6 21. f3 c4 {The position is equal.} 22. bxc4 Nxc4 23. Rc2 Rac8 24. Re2 f5 25. Bg3 h6 26. e4 {[#] Hoping for exd5.} fxe4 27. fxe4 dxe4 28. Rxe4 Qd7 29. Rae1 Nd5 30. h3 Nd6 31. Re6 Nc4 32. R6e4 Nd6 33. Re6 Nc4 {Precision: White = 61%, Black = 37%.} 1/2-1/2

[Event "33rd ECCC Open 2017"]
[Site "Antalya"]
[Date "2017.10.11"]
[Round "2"]
[White "Bartel, Mateusz"]
[Black "Greenfeld, Alon"]
[Result "1-0"]
[WhiteElo "2613"]
[BlackElo "2509"]
[Annotator "TA"]
[PlyCount "91"]
[EventType "team-tourn"]
[EventCountry "TUR"]
[SourceTitle "playchess.com"]
[Source "ChessBase"]
[SourceQuality "1"]
[WhiteTeam "Novy Bor"]
[BlackTeam "Beer Sheva"]

{[%evp 12,91,45,35,36,30,21,31,20,5,15,3,45,22,23,0,16,0,0,0,8,0,0,0,0,0,16,14,45,-14,83,63,204,77,127,126,140,32,29,37,33,19,29,23,27,14,46,46,85,92,78,69,68,56,40,74,75,85,57,61,64,45,49,0,0,0,0,0,0,0,0,0,0,0,862,845,819,824,598,589,542,533]} 1. e4 c5 2. c3 d6 3. d4 Nf6 4. Bd3 g6 5. Nf3 Bg7 6. O-O O-O 7. h3 Na6 {B07: Pirc Defence: Miscellaneous Systems} (7... cxd4 8. cxd4 Nc6 9. Nc3 e5 10. dxe5 Nxe5 11. Nxe5 dxe5 12. Bc4 Bd7 13. Be3 Bc6 14. Qf3 Qe7 15. Rfd1 Rfd8 16. Bb3 a6 17. Bb6 Rxd1+ 18. Rxd1 Rc8 {0-1 (91) Gelfand,B (2759)-Svidler,P (2743) Sochi 2014}) 8. e5 Nd5 9. Be4 $146 ({Predecessor:} 9. Bxa6 bxa6 10. dxc5 dxc5 11. Nbd2 Qc7 12. Qe2 Rd8 13. Rd1 Nb6 14. Re1 Rb8 15. Ng5 {1-0 (54) Hotting,A (2445)-Westeras,M (2375) ICCF corr 1995}) 9... Nb6 {White is slightly better.} 10. exd6 Qxd6 11. Re1 Nc7 12. Na3 Rd8 {[%cal Rc5d4]} 13. Be3 cxd4 14. Bxd4 Bxd4 15. cxd4 Ncd5 16. Qd2 Kg7 17. Rac1 Qf4 18. Qa5 Be6 19. g3 Qf6 20. h4 (20. Rc5 $14) 20... a6 (20... Bf5 $11 {remains equal.} 21. Bxd5 Nxd5) 21. Ne5 $16 Rac8 ({Better is} 21... Rab8 $14) 22. Bg2 (22. Rxc8 $1 $18 {is more deadly.} Rxc8 23. b3) 22... Rxc1 23. Rxc1 g5 24. hxg5 (24. h5 $1 $16) 24... Qxg5 $14 25. Rc5 Rd6 26. Qe1 Na4 27. Rc2 {Strongly threatening Nac4.} b5 28. Nb1 Bf5 29. Re2 Bxb1 30. Qxb1 Nac3 31. bxc3 Nxc3 32. Qe1 Nxe2+ 33. Qxe2 Rxd4 {[#]} 34. Nf3 $1 {[%cal Rf3g5]} Qc1+ 35. Kh2 {[%mdl 1024] White has compensation.} Qh6+ 36. Bh3 Ra4 $1 37. Ne5 Qf6 ({Don't play} 37... f6 $6 38. Ng4 $16) 38. Kg2 h6 39. Bg4 e6 40. f4 Qd8 {[#] Hoping for ...Qd5+.} 41. Bxe6 $1 {[%mdl 512]} Qa8+ (41... fxe6 42. Qg4+) 42. Kh2 Qe4 $2 {[%mdl 8192]} (42... fxe6 $11 43. Qg4+ Kh8 44. Qxe6 Qg8 45. Qf6+ Qg7 46. Qd8+ Kh7) 43. Qh5 $18 {White is clearly winning.} Rxa2+ 44. Bxa2 Qc2+ 45. Kh3 Qxa2 {[#]} 46. Ng4 $1 {Precision: White = 55%, Black = 51%.} ({Weaker is} 46. Qg4+ Kf8 $18) 1-0

[Event "33rd ECCC Open 2017"]
[Site "Antalya"]
[Date "2017.10.09"]
[Round "2"]
[White "Roiz, Michael"]
[Black "Navara, David"]
[Result "1/2-1/2"]
[WhiteElo "2604"]
[BlackElo "2726"]
[Annotator "TA"]
[PlyCount "81"]
[EventType "team-tourn"]
[EventCountry "TUR"]
[SourceTitle "playchess.com"]
[Source "ChessBase"]
[SourceQuality "1"]
[WhiteTeam "Beer Sheva"]
[BlackTeam "Novy Bor"]

{[%evp 12,81,6,15,14,9,44,40,48,46,46,41,45,45,48,41,41,40,29,29,43,33,31,25,52,40,70,72,66,71,77,63,60,75,55,46,47,50,54,57,60,54,53,0,0,0,0,0,0,0,0,0,0,0,0,0,0,0,0,0,0,0,0,0,0,0,0,0,0,0,0,0]} 1. d4 Nf6 2. c4 e6 3. Nf3 b6 4. a3 Bb7 5. Nc3 d5 6. Bf4 Bd6 {E12: Queen's Indian: Unusual White 4th moves, 4 a3, 4 Nc3 Bb7 5 a3 and 4 Nc3 Bb7} 7. Bxd6 {LiveBook: 6 Games} Qxd6 (7... cxd6 8. e3 O-O 9. cxd5 Nxd5 10. Nxd5 Bxd5 11. Bd3 Nd7 12. e4 Bb7 13. O-O e5 14. Re1 exd4 15. Nxd4 {½-½ (45) Anton Guijarro,D (2679)-Zhigalko,S (2639) Poikovsky 2017}) 8. cxd5 Nxd5 9. Nb5 $146 ({Predecessor:} 9. Nxd5 Bxd5 10. e3 O-O 11. Bd3 f5 12. O-O Nd7 13. Rc1 Rf6 14. Re1 {1-0 (29) Bulgurlu,O (1839)-Kavon,R (1959) Prague 2012}) 9... Qd8 10. e4 Ne7 11. Qc2 c6 12. Nc3 O-O 13. Rd1 Nd7 14. Be2 Ng6 15. O-O Qe7 16. Rfe1 Rfd8 17. Bf1 e5 18. g3 Nf6 19. Bg2 Rd7 20. dxe5 Nxe5 21. Nxe5 Qxe5 22. Rxd7 Nxd7 23. f4 Qe7 24. e5 Nf8 25. Rd1 Rd8 $1 26. Rxd8 Qxd8 27. Nb5 (27. Qd1 $14 Qxd1+ 28. Nxd1) 27... cxb5 $11 {The position is equal.} 28. Bxb7 g5 29. fxg5 Qxg5 30. Qe2 Qe7 31. Ba6 Ng6 32. Qxb5 Nxe5 33. Qd5 Qf6 34. Be2 a5 35. Qe4 Kg7 36. Kg2 h6 37. Kg1 Nc6 38. Qg4+ Kf8 39. Qc8+ Kg7 40. Qg4+ Kf8 41. Qc8+ {Precision: White = 83%, Black = 88%.} 1/2-1/2

[Event "33rd ECCC Open 2017"]
[Site "Antalya"]
[Date "2017.10.11"]
[Round "2"]
[White "Mamedov, Nidjat"]
[Black "Sepp, Olav"]
[Result "1-0"]
[WhiteElo "2596"]
[BlackElo "2433"]
[Annotator "TA"]
[PlyCount "113"]
[EventType "team-tourn"]
[EventCountry "TUR"]
[WhiteTeam "Genc"]
[BlackTeam "Etela-Vantaan"]

{[%evp 18,113,25,21,39,25,25,25,22,0,10,22,21,18,1,0,0,-7,0,0,0,-18,-14,0,0,0,0,0,0,0,0,-18,0,0,5,8,11,23,79,79,82,83,135,64,129,129,129,129,120,120,120,118,179,143,164,178,261,129,159,137,139,118,168,118,116,125,168,172,129,106,112,36,46,31,108,131,107,157,359,306,313,329,486,468,681,256,1841,1733,1697,1239,1632,1483,5708,3435,6750,6741,6713,5824]} 1. e4 e5 2. Nf3 Nc6 3. Bb5 Nf6 4. O-O Nxe4 5. d4 Nd6 6. Bxc6 dxc6 7. dxe5 Nf5 8. Qxd8+ Kxd8 9. Nc3 Ke8 10. h3 h5 {C67: Ruy Lopez: Berlin Defence: 4 0-0 Nxe4} 11. Bg5 Be6 12. Rfd1 Be7 {White has an edge.} 13. g3 {[#]} Bxg5 $146 ({Predecessor:} 13... Rg8 14. Kh2 f6 15. exf6 gxf6 16. Bf4 Rc8 17. Ne2 Nd6 {1-0 (70) Kamsky,G (2681)-Ragger,M (2657) Bilbao 2014}) 14. Nxg5 Ke7 15. Ne2 g6 16. Nf4 Ng7 $1 17. f3 $132 {[%mdl 2048] White has counterplay} a5 18. Kf2 a4 19. Ne2 Rhd8 20. Nxe6 Nxe6 21. f4 c5 22. Ke3 f6 23. c4 c6 24. Rac1 f5 25. h4 Ke8 26. Rxd8+ Rxd8 $11 {[%mdl 4096] Endgame KRN-KRN} 27. Nc3 a3 (27... Ra8 $1 $11 {remains equal.}) 28. bxa3 $16 Rd4 29. Ne2 Re4+ (29... Rd8 $142) 30. Kf2 (30. Kd3 $16) 30... b5 (30... b6 $14) 31. cxb5 cxb5 32. Nc3 Rc4 33. Ke3 Nc7 34. Kd2 Rd4+ (34... Kd7 $16) 35. Kc2 $1 $18 Rc4 36. Kb2 b4 (36... Ke7 $142 37. Rd1 b4 38. axb4 cxb4) 37. Nb5 (37. axb4 $18 {is more deadly.} Rxb4+ 38. Kc2) 37... bxa3+ $16 38. Nxa3 Rb4+ 39. Ka1 $1 Ne6 40. Nc4 Kd7 41. Na5 $1 Ra4 {[#]} 42. Rd1+ $1 Nd4 43. Nb3 Kc6 {aiming for ...Nxb3+.} 44. Kb2 ({White should play} 44. Nxd4+ $16 cxd4 45. Kb2) 44... Rb4 $14 45. Rc1 Ne6 ({Black should try} 45... Kb6 $1 $14) 46. a3 $16 {[%cal Ba2a3,Ba3a4,Ba4a5,Ba5a6][%mdl 32]} Re4 {[#]} 47. Rd1 $1 {[%cal Rd1d6]} Nd4 $2 (47... Kb5 $16 {was called for.} 48. Rd6 Re2+ 49. Kc1 c4 50. Rxe6 cxb3) 48. Nxd4+ $18 cxd4 {KR-KR} 49. a4 Kc5 (49... Re3 $142 50. Rxd4 Kc5) 50. a5 Kb5 (50... d3 $142 51. Rxd3 Kb5 52. Rd5+ Ka6) 51. Kc2 $2 (51. Ra1) 51... Kc4 $2 (51... Kxa5 52. Kd3 Kb6) 52. Kd2 {White is clearly winning.} Re3 53. Rc1+ Kd5 54. Ra1 Rxg3 55. a6 Rg2+ 56. Kd3 Rg3+ 57. Ke2 {Precision: White = 68%, Black = 32%.} 1-0

[Event "33rd ECCC Open 2017"]
[Site "Antalya"]
[Date "2017.10.11"]
[Round "2"]
[White "Lagarde, Maxime"]
[Black "Fedoseev, Vladimir"]
[Result "0-1"]
[WhiteElo "2594"]
[BlackElo "2733"]
[Annotator "TA"]
[PlyCount "78"]
[EventType "team-tourn"]
[EventCountry "TUR"]
[SourceTitle "playchess.com"]
[Source "ChessBase"]
[SourceQuality "1"]
[WhiteTeam "Nice Alekhine"]
[BlackTeam "Mednyi Vsadnik"]

{[%evp 13,78,24,26,21,29,26,37,24,26,29,19,25,31,23,30,35,67,-7,22,-20,-18,-25,-16,-56,5,-50,-60,-52,-66,-60,-63,-55,-37,-51,-46,-103,-85,-92,-87,-83,-75,-185,-184,-330,-110,-119,-118,-121,-117,-107,-100,-676,-662,-651,-651,-640,-618,-610,-597,-670,-669,-649,-649,-631,-589,-978,-969]} 1. e4 g6 2. d4 Bg7 3. Nf3 d6 4. Bc4 Nf6 5. Qe2 O-O 6. h3 Nfd7 {B06: Modern Defence} (6... Nc6 7. O-O e5 8. dxe5 Nxe5 9. Nxe5 dxe5 10. Rd1 Qe7 11. Nc3 c6 12. a4 Nh5 13. b3 Nf4 14. Qf3 {1-0 (40) Vachier Lagrave,M (2710)-Gashimov,V (2757) Beijing 2011}) 7. O-O Nc6 {LiveBook: 3 Games} 8. c3 e5 {[%cal Re5d4] The position is equal.} 9. Bg5 Qe8 {[%cal Re5d4]} 10. Na3 a6 {[%cal Re5d4]} 11. Qd2 $146 ({Predecessor:} 11. Nc2 Nb6 12. Bb3 Na5 13. dxe5 Nxb3 14. axb3 dxe5 {0-1 (60) Anastasopoulos,S (2177)-Kotrotsos,V (2332) Nikea 2011}) 11... Nb6 12. Bb3 Na5 13. Bc2 f6 14. Bh4 Kh8 15. Bd3 (15. Rfe1 $14) 15... Nc6 16. Nc2 f5 17. dxe5 dxe5 18. Ne3 h6 (18... f4 $15 19. Nd5 Qf7) 19. exf5 (19. Nd5 $11 Nxd5 20. exd5) 19... gxf5 $15 ({Of course not} 19... e4 $6 20. f6 $14) 20. Bc2 $1 e4 {And now ...Qh5 would win.} 21. Nh2 Ne5 {...Ng6 is the strong threat.} 22. f4 Nec4 23. Nxc4 Nxc4 24. Qc1 ({Better is} 24. Qf2 $1 $15) 24... b5 25. Re1 Bb7 26. Nf1 Qh5 27. Be7 (27. Bg3 $17 {might work better.}) 27... Rg8 $1 $19 28. Ne3 {[#]} (28. Re3 {was the only chance.}) 28... Rae8 $2 (28... Be5 $1 $19 {White must now prevent ...Qxh3.} 29. Bb3 (29. fxe5 $2 Qxh3 30. Re2 Nxe3 $19) (29. Nxc4 Rxg2+ 30. Kxg2 e3+ 31. Be4 Bxe4+ 32. Kh2 Bxf4+ 33. Kg1 Rg8+ 34. Bg5 Rxg5+ 35. Kf1 Qf3#) 29... Bxf4 30. Bf6+ Kh7) 29. Bc5 $17 Bf6 {Strongly threatening ...Rxg2+!} 30. Bb3 Qxh3 $1 {( -> ...Nxe3)} 31. Bxc4 bxc4 $40 {[%mdl 128] Black goes for the king.} 32. Bd4 $2 {[%mdl 8192]} (32. Qd2 $17) 32... Bxd4 $19 {Black is clearly winning.} 33. cxd4 {[#]} Rxg2+ $1 {[%mdl 512]} 34. Nxg2 {Threatens to win with Qe3.} Rg8 {[%csl Gg8][%cal Rh3g2]} 35. Re2 e3 {[%cal Rg8g2]} 36. d5 Bxd5 {[%cal Rg8g2]} 37. Qf1 {[#]} Rg4 $1 {aiming for ...Rh4!} 38. Rd1 {[#]} Rh4 $1 {[%csl Gh4][%cal Rh3h2][%mdl 512]} 39. Rxe3 (39. Nxh4 Qh1#) 39... Qh2+ {Precision: White = 52%, Black = 68%.} 0-1